Earl Grey Citizenship Quiz - Statistics

General Stats
  • This quiz has been taken 13 times
  • The average score is 9 of 16
Answer Stats
Picture Answer % Correct
Busch
100%
Mustard
86%
Kokanee
71%
The Bar
71%
Village/RM Office
71%
EZ-Steer
57%
Pil Country
57%
Rink
57%
White Tractor
57%
1998 Chevrolet Silverado K2500
43%
Flexi-coil
43%
Greasy Triple
43%
Rockets
43%
The Bank
43%
A2000
29%
Easton Bat
29%
No matching quizzes found
Score Distribution
Percent of People with Each Score
Percentile by Number Answered
Your Score History
You have not taken this quiz